1988 1203 1419 1481 1104 1140 1804 1883 1710 1550 1051 1798 1432 1585 1607 1133 1869 1678 1495 1819 1084 1070 1724 1349 1372 1110 1881 1755 1373 1995 1566 1574 1464 1723 1410 1560 1500 1383 1584 1657 1632 1380 1676 1826 1475 1028 1948 1475 1855 1371 1740 1759 1561 1464 1874 1100 1887 1017 1616 1612 1662 1131 1243 1021 1806 1362 1323 1786 1262 1029 1370 1640 1611 1820 1500 1318 1071 1771 1057 1412 1185 1409 1895 1393 1444 1291 1553 1070 1589 1391 1321 1249 1159 1708 1813 1080 1895 1507 1684 BCNSPRNW ULIB Ver.6.0+V

เปลี่ยนเป็นภาษาไทย

Change to English
 แสดงรายละเอียดบรรณานุกรม
  กลับหน้าหลัก

Brief Record : Get Marc (ISO 2709) : E-mail record : QR code < ปิดหน้าต่าง
LEADER : 00000nam 2200000uu 4500
001    13399112334
003     ULIB
008    110627s2553||||th 000 0 tha d
020    9786165010054
090    นว.^bห481ร 2553
100 0  หัสบรรณ
245 00 รักนี้...โบกี้สุดท้าย/^cหัสบรรณ
250    พิมพ์ครั้งที่ 1
260    กรุงเทพฯ :^bPrincess,^c2553
300    256 หน้า
710 1  Princess
945    ^p180^l0^i030394
995    ทศพร
999 ^a ใช้งานได้ทุกระบบ
รายการนี้ยังไม่มีแท็ก
คุณยังไม่ได้ล็อกอิน คุณสามารถมีกิจกรรมร่วมกับเว็บไซต์ได้ แต่ต้องล็อกอินก่อน ::
  ล็อกอิน

รายการสื่อสารสนเทศ

ลำดับที่ ประเภท เลขเรียก/บาร์โค้ด สถานที่ สถานะ
- ไม่พบข้อมูล -

รายการใกล้เคียง
    ผู้แต่ง [หัสบรรณ]

BibComment


ยังไม่เคยถูกคอมเมนท์

คอมเมนท์ทรัพยากรรายการนี้
  คอมเมนท์: รักนี้โบกี้สุดท้า..


 Copyright 2026. Bcnsprnw @Library